000 00865nam a22002657a 4500
003 DO-SdBPM
005 20241122122222.0
008 151209b2002 pn a00| 0 spa d
020 _a9789962629085
040 _aDO-SdBPM
_bspa
_cBPMSU
041 _aspa
_heng
082 4 _aP863
_bA472g 2002
_222
100 1 _aAlvarado, Patricia V.
245 1 0 _aGuillermo gusano y la gran indundación = William Worm and the great flood /
_cPatricia V. Alvarado
_b
260 _aPanamá :
_bPiggy press,
_c2002
300 _a29 p. :
_bil. ;
_c14 cm.
590 _aInventariado, 2024/VM
650 4 _aCuentos infantiles panameños
650 4 _aLiteratura infantil panameña
650 4 _aLibros ilustrados para niños
910 _aVMateo V. Control de calidad. BPMSU
942 _2ddc
_cBK
945 _aInventariado, 2018 / BT
956 _aBTAVAREZ
_b10
_d20151209
_fBPMSU
_h0038
999 _c14871
_d14871